<?xml version="1.0" encoding="UTF-8"?>
<record
    xmlns:xsi="http://www.w3.org/2001/XMLSchema-instance"
    xsi:schemaLocation="http://www.loc.gov/MARC21/slim http://www.loc.gov/standards/marcxml/schema/MARC21slim.xsd"
    xmlns="http://www.loc.gov/MARC21/slim">

  <leader>01186nam a22002417a 4500</leader>
  <datafield tag="999" ind1=" " ind2=" ">
    <subfield code="c">56606</subfield>
    <subfield code="d">56606</subfield>
  </datafield>
  <controlfield tag="005">20210325202851.0</controlfield>
  <controlfield tag="008">      s2551    th                  tha d</controlfield>
  <datafield tag="020" ind1=" " ind2=" ">
    <subfield code="a">9789743264955</subfield>
  </datafield>
  <datafield tag="040" ind1=" " ind2=" ">
    <subfield code="a">NALT</subfield>
  </datafield>
  <datafield tag="041" ind1=" " ind2=" ">
    <subfield code="a">tha</subfield>
  </datafield>
  <datafield tag="050" ind1=" " ind2=" ">
    <subfield code="a">DS 589.P31 </subfield>
    <subfield code="b">&#xE27;281&#xE21; 2551</subfield>
  </datafield>
  <datafield tag="100" ind1="0" ind2=" ">
    <subfield code="a">&#xE27;&#xE23;&#xE27;&#xE34;&#xE17;&#xE22;&#xE4C; &#xE1A;&#xE32;&#xE23;&#xE39;</subfield>
    <subfield code="9">40699</subfield>
  </datafield>
  <datafield tag="245" ind1="1" ind2="0">
    <subfield code="a">&#xE21;&#xE25;&#xE32;&#xE22;&#xE39;&#xE1B;&#xE32;&#xE15;&#xE32;&#xE19;&#xE35; : </subfield>
    <subfield code="b">&#xE0A;&#xE32;&#xE15;&#xE34;&#xE1E;&#xE31;&#xE19;&#xE18;&#xE38;&#xE4C; &#xE2D;&#xE31;&#xE15;&#xE25;&#xE31;&#xE01;&#xE29;&#xE13;&#xE4C;&#xE41;&#xE25;&#xE30;&#xE01;&#xE32;&#xE23;&#xE40;&#xE1B;&#xE25;&#xE35;&#xE48;&#xE22;&#xE19;&#xE41;&#xE1B;&#xE25;&#xE07; /</subfield>
    <subfield code="c">&#xE27;&#xE23;&#xE27;&#xE34;&#xE17;&#xE22;&#xE4C; &#xE1A;&#xE32;&#xE23;&#xE39; ... [&#xE41;&#xE25;&#xE30;&#xE04;&#xE19;&#xE2D;&#xE37;&#xE48;&#xE19; &#xE46;].</subfield>
  </datafield>
  <datafield tag="260" ind1=" " ind2=" ">
    <subfield code="a">&#xE2A;&#xE07;&#xE02;&#xE25;&#xE32; : </subfield>
    <subfield code="b">&#xE21;&#xE2B;&#xE32;&#xE27;&#xE34;&#xE17;&#xE22;&#xE32;&#xE25;&#xE31;&#xE22;&#xE2A;&#xE07;&#xE02;&#xE25;&#xE32;&#xE19;&#xE04;&#xE23;&#xE34;&#xE19;&#xE17;&#xE23;&#xE4C;, </subfield>
    <subfield code="c">2551.</subfield>
  </datafield>
  <datafield tag="300" ind1=" " ind2=" ">
    <subfield code="a">179 &#xE2B;&#xE19;&#xE49;&#xE32; ;</subfield>
    <subfield code="b"> </subfield>
    <subfield code="c">29 &#xE0B;&#xE21;.</subfield>
  </datafield>
  <datafield tag="651" ind1=" " ind2="0">
    <subfield code="a">&#xE1B;&#xE31;&#xE15;&#xE15;&#xE32;&#xE19;&#xE35;</subfield>
    <subfield code="x">&#xE1B;&#xE23;&#xE30;&#xE27;&#xE31;&#xE15;&#xE34;&#xE28;&#xE32;&#xE2A;&#xE15;&#xE23;&#xE4C;</subfield>
    <subfield code="9">20642</subfield>
  </datafield>
  <datafield tag="651" ind1=" " ind2="4">
    <subfield code="9">34714</subfield>
    <subfield code="a">&#xE1B;&#xE31;&#xE15;&#xE15;&#xE32;&#xE19;&#xE35;</subfield>
    <subfield code="x">&#xE04;&#xE27;&#xE32;&#xE21;&#xE40;&#xE1B;&#xE47;&#xE19;&#xE2D;&#xE22;&#xE39;&#xE48;&#xE41;&#xE25;&#xE30;&#xE1B;&#xE23;&#xE30;&#xE40;&#xE1E;&#xE13;&#xE35;</subfield>
  </datafield>
  <datafield tag="651" ind1=" " ind2="4">
    <subfield code="9">40700</subfield>
    <subfield code="a">&#xE1B;&#xE31;&#xE15;&#xE15;&#xE32;&#xE19;&#xE35;</subfield>
    <subfield code="x">&#xE20;&#xE32;&#xE27;&#xE30;&#xE2A;&#xE31;&#xE07;&#xE04;&#xE21; </subfield>
    <subfield code="x">&#xE27;&#xE34;&#xE08;&#xE31;&#xE22;</subfield>
  </datafield>
  <datafield tag="653" ind1=" " ind2="4">
    <subfield code="a">&#xE0A;&#xE19;&#xE0A;&#xE32;&#xE15;&#xE34;&#xE21;&#xE25;&#xE32;&#xE22;&#xE39;</subfield>
  </datafield>
  <datafield tag="850" ind1=" " ind2=" ">
    <subfield code="a">NALT</subfield>
  </datafield>
  <datafield tag="942" ind1=" " ind2=" ">
    <subfield code="c">RSH</subfield>
    <subfield code="2">lcc</subfield>
  </datafield>
  <datafield tag="998" ind1=" " ind2=" ">
    <subfield code="j">109</subfield>
    <subfield code="k"> &#xE2D;&#xE32;&#xE23;&#xE35;&#xE23;&#xE31;&#xE15;&#xE19;&#xE4C; &#xE27;&#xE34;&#xE0A;&#xE32;&#xE0A;&#xE48;&#xE32;&#xE07;</subfield>
  </datafield>
  <datafield tag="952" ind1=" " ind2=" ">
    <subfield code="0">0</subfield>
    <subfield code="1">0</subfield>
    <subfield code="2">lcc</subfield>
    <subfield code="4">0</subfield>
    <subfield code="7">0</subfield>
    <subfield code="8">CRSH</subfield>
    <subfield code="a">NALT</subfield>
    <subfield code="b">NALT</subfield>
    <subfield code="e">&#xE1A;&#xE23;&#xE34;&#xE08;&#xE32;&#xE04;</subfield>
    <subfield code="l">0</subfield>
    <subfield code="o">&#xE27; DS 589.P31 &#xE27;281&#xE21; 2551</subfield>
    <subfield code="p">3961174213</subfield>
    <subfield code="r">2017-06-09 00:00:00</subfield>
    <subfield code="w">2017-06-09</subfield>
    <subfield code="y">RSH</subfield>
  </datafield>
  <datafield tag="952" ind1=" " ind2=" ">
    <subfield code="0">0</subfield>
    <subfield code="1">0</subfield>
    <subfield code="2">lcc</subfield>
    <subfield code="4">0</subfield>
    <subfield code="7">0</subfield>
    <subfield code="8">CSEN</subfield>
    <subfield code="a">NALT</subfield>
    <subfield code="b">NALT</subfield>
    <subfield code="c">RSH</subfield>
    <subfield code="d">2022-05-23</subfield>
    <subfield code="o">&#xE27; DS 589.P31 &#xE27;281&#xE21; 2551</subfield>
    <subfield code="p">0100001914001</subfield>
    <subfield code="r">2023-02-16 00:00:00</subfield>
    <subfield code="w">2022-05-23</subfield>
    <subfield code="y">RSH</subfield>
  </datafield>
</record>
